|
|
|
|
| LEADER |
00712nam a2200193 a 4500 |
| 001 |
000665003 |
| 003 |
CZ BrMZK |
| 005 |
20090916104007.0 |
| 008 |
030405s1947 xr f cze d |
| 040 |
|
|
|a BOA001
|b cze
|c BOA001
|
| 100 |
1 |
|
|a Záruba, Ladislav,
|d 1886-1963
|7 jk01152162
|4 aut
|
| 245 |
1 |
0 |
|a Mosty II :
|b stavba mostů kamenných a betonových /
|c napsal Ladislav Záruba
|
| 250 |
|
|
|a Vyd. 1.
|
| 260 |
|
|
|a Brno :
|b Donátův fond,
|c 1947
|
| 300 |
|
|
|a 154 s.
|
| 910 |
|
|
|a BOA001
|b TK-A-0026.878
|
| 990 |
|
|
|a BK
|
| 996 |
6 |
|
|b BC-88453
|c TK-A-0026.878
|l MZK
|r Sklad / do 24 hodin
|n 0
|w 000665003
|u 000010
|a 1
|e BOA001
|j MZK50
|s P
|
| 996 |
6 |
|
|b BC-88458
|c TK-A-0026.878
|l MZK
|r Sklad / do 24 hodin
|n 0
|w 000665003
|u 000060
|a 1
|e BOA001
|j MZK50
|s P
|